|
|
|
|
| LEADER |
00000cam a22000004a 4500 |
| 001 |
musev2_16489 |
| 003 |
MdBmJHUP |
| 005 |
20230905041803.0 |
| 006 |
m o d |
| 007 |
cr||||||||nn|n |
| 008 |
120921s2012 xx o 00 0 eng d |
| 020 |
|
|
|a 9781611683066
|
| 020 |
|
|
|z 9781584654223
|
| 020 |
|
|
|z 9781611683080
|
| 035 |
|
|
|a (OCoLC)814507298
|
| 040 |
|
|
|a MdBmJHUP
|c MdBmJHUP
|
| 100 |
1 |
|
|a Etkes, I.
|
| 245 |
1 |
0 |
|a The Besht :
|b Magician, Mystic, and Leader
|
| 264 |
|
1 |
|a Hanover :
|b Univ Pr Of New England,
|c 2012.
|
| 264 |
|
3 |
|a Baltimore, Md. :
|b Project MUSE,
|c 2012
|
| 264 |
|
4 |
|c ©2012.
|
| 300 |
|
|
|a 1 online resource (358 pages).
|
| 336 |
|
|
|a text
|b txt
|2 rdacontent
|
| 337 |
|
|
|a computer
|b c
|2 rdamedia
|
| 338 |
|
|
|a online resource
|b cr
|2 rdacarrier
|
| 520 |
|
|
|a Now available in English, a provocative new biography of the founder of Hasidism.
|
| 588 |
|
|
|a Description based on print version record.
|
| 600 |
0 |
7 |
|a Baʻal Shem Ṭov,
|d approximately 1700-1760.
|2 fast
|0 (OCoLC)fst01806072
|
| 600 |
0 |
0 |
|a Baʻal Shem Ṭov,
|d approximately 1700-1760.
|
| 650 |
|
7 |
|a Mysticism
|x Judaism.
|2 fast
|0 (OCoLC)fst01031646
|
| 650 |
|
7 |
|a Leadership
|x Religious aspects
|x Judaism.
|2 fast
|0 (OCoLC)fst00994722
|
| 650 |
|
7 |
|a Jewish magic.
|2 fast
|0 (OCoLC)fst01730508
|
| 650 |
|
7 |
|a RELIGION
|x Judaism
|x General.
|2 bisacsh
|
| 650 |
|
6 |
|a Leadership
|x Aspect religieux
|x Judaïsme.
|
| 650 |
|
6 |
|a Mysticisme
|x Judaïsme.
|
| 650 |
|
6 |
|a Magie juive.
|
| 650 |
|
0 |
|a Leadership
|x Religious aspects
|x Judaism.
|
| 650 |
|
0 |
|a Mysticism
|x Judaism.
|
| 650 |
|
0 |
|a Jewish magic.
|
| 655 |
|
7 |
|a Electronic books.
|2 local
|
| 710 |
2 |
|
|a Project Muse.
|e distributor
|
| 830 |
|
0 |
|a Book collections on Project MUSE.
|
| 856 |
4 |
0 |
|z Texto completo
|u https://projectmuse.uam.elogim.com/book/16489/
|
| 945 |
|
|
|a Project MUSE - Custom Collection
|
| 945 |
|
|
|a Project MUSE - Archive Complete Foundation
|
| 945 |
|
|
|a Project MUSE - Archive Philosophy and Religion Foundation
|
| 945 |
|
|
|a Project MUSE - Archive Jewish Studies Foundation
|